ბათუმის შოთა რუსთაველის სახელმწიფო უნივერსიტეტის ბიბლიოთეკა

Машины непрерывного транспорта (ბიბ.ჩანაწერი № 37347)

000 -LEADER
fixed length control field 00723nam a2200229Ia 4500
001 - CONTROL NUMBER
control field 3306
003 - CONTROL NUMBER IDENTIFIER
control field GE_BSU
008 - FIXED-LENGTH DATA ELEMENTS--GENERAL INFORMATION
fixed length control field 181216s||||||||xx |||||||||||||| ||und||
040 ## - CATALOGING SOURCE
Transcribing agency GE_BSU
080 ## - UNIVERSAL DECIMAL CLASSIFICATION NUMBER
Universal Decimal Classification number 621.868(075)
100 ## - MAIN ENTRY--PERSONAL NAME
Personal name Зенков Р.Л., Ивашков И.И., Колобов Л.Н.
245 ## - TITLE STATEMENT
Title Машины непрерывного транспорта
245 ## - TITLE STATEMENT
Remainder of title Учебник для студентов вузов
245 ## - TITLE STATEMENT
Statement of responsibility, etc. ред. Якушина И. Н
250 ## - EDITION STATEMENT
Edition statement 2-е Изд.
260 ## - PUBLICATION, DISTRIBUTION, ETC.
Place of publication, distribution, etc. Москва
260 ## - PUBLICATION, DISTRIBUTION, ETC.
Name of publisher, distributor, etc. Машиностроение
260 ## - PUBLICATION, DISTRIBUTION, ETC.
Date of publication, distribution, etc. 1987
300 ## - PHYSICAL DESCRIPTION
Extent 432 с.ил. 22 см.
653 ## - INDEX TERM--UNCONTROLLED
Uncontrolled term Машины непрерывного транспорта
942 ## - ADDED ENTRY ELEMENTS (KOHA)
Koha item type წიგნი

არაა ხელმისაწვდომი ეგზემპლარები.